000
00294 a2200133 4500
000
nam a22 7a 4500
100
_a
Paul A. Samuelson
110
_a
Paul A. Samuelson
245
_a
Economics
250
_a
latest edition
260
_b
McGraw-Hill
264
_b
McGraw-Hill
942
_c
BK
999
_c
396989
_d
396989